Normal view
MARC view
Entry Personal Name
001 - CONTROL NUMBER
- control field: 1057
003 - CONTROL NUMBER IDENTIFIER
- control field: OSt
005 - DATE AND TIME OF LATEST TRANSACTION
- control field: 20190205122750.0
008 - FIXED-LENGTH DATA ELEMENTS
- fixed length control field: 190205|| aca||aabn | a|a d
040 ## - CATALOGING SOURCE
- Original cataloging agency: OSt
- Transcribing agency: OSt
100 ## - HEADING--PERSONAL NAME
- Personal name: Singh, Apurva
670 ## - SOURCE DATA FOUND
- Source citation: Work cat.: (OSt): Kumar, Shubham 1056, Legal rights of farmers under the farmers right to guaranteed remunerative MSP for agricultural commodities bill, 2018, 2018
